Construcciones y perspectivas : (Record no. 195734)

MARC details
000 -LEADER
campo de control de longitud fija 01432cam a2200361 i 4500
001 - NÚMERO DE CONTROL
campo de control 195734
003 - IDENTIFICADOR DE NÚMERO DE CONTROL
campo de control ES-MaACL
005 - FECHA Y HORA DE LA ÚLTIMA TRANSACCIÓN
campo de control 20250112063037.0
008 - DATOS DE LONGITUD FIJA--INFORMACIÓN GENERAL
campo de control de longitud fija 24 s2009 sp 000 0 spa c
017 ## - NÚMERO DE COPYRIGHT O DE DEPÓSITO LEGAL
Número de copyright o de depósito legal B 33705-2009
020 ## - NÚMERO INTERNACIONAL ESTÁNDAR DEL LIBRO
Número Internacional Estándar del Libro 9788497841474
035 ## - NÚMERO DE CONTROL DEL SISTEMA
Número de control de sistema Rebiun02414867
040 ## - FUENTE DE CATALOGACIÓN
Centro catalogador/agencia de origen SpMaUCFS.
Centro/agencia modificador UAL.
-- BUS
Lengua de catalogación spa
Centro/agencia transcriptor ES-MaACL
080 ## - NÚMERO DE LA CLASIFICACIÓN DECIMAL UNIVERSAL
Número de la Clasificación Decimal Universal 316.7(430)"1919/1933"
100 ## - ENTRADA PRINCIPAL--NOMBRE DE PERSONA
Nombre de persona Kracauer, Siegfried,
Fechas asociadas al nombre 1889-1966
9 (RLIN) 237406
Término indicativo de función/relación Autor
245 10 - MENCIÓN DEL TÍTULO
Título Construcciones y perspectivas :
Resto del título El ornamento de la masa 2 /
Mención de responsabilidad, etc. Siegfried Kracauer ; traducción de Valeria Grinberg Pla ; prólogo de María Pía López ; epílogo de Carlos Eduardo Jordao Machado
260 ## - PUBLICACIÓN, DISTRIBUCIÓN, ETC.
Lugar de publicación, distribución, etc. Barcelona :
Nombre del editor, distribuidor, etc. Gedisa,
Fecha de publicación, distribución, etc. 2009
300 ## - DESCRIPCIÓN FÍSICA
Extensión 190 p. ;
Dimensiones 20 cm
336 ## - TIPO DE CONTENIDO
Fuente rdacontent
Término de tipo de contenido texto
337 ## - TIPO DE MEDIO
Fuente rdamedia
Nombre/término del tipo de medio sin mediación
338 ## - TIPO DE SOPORTE
Fuente rdacarrier
Nombre/término del tipo de soporte volumen
490 1# - MENCIÓN DE SERIE
Mención de serie Dimensión Clásica.
Nombre de parte o sección de la obra Teoría social
526 ## - NOTA DE INFORMACIÓN SOBRE EL PROGRAMA DE ESTUDIO
Nombre del programa 1820017
650 00 - PUNTO DE ACCESO ADICIONAL DE MATERIA--TÉRMINO DE MATERIA
Término de materia o nombre geográfico como elemento de entrada Alemania-
Subdivisión general Cultura popular
9 (RLIN) 237407
700 ## - ENTRADA AGREGADA--NOMBRE PERSONAL
Nombre de persona Grinberg Pla, Valeria,
Fechas asociadas al nombre 1968-
9 (RLIN) 237408
Término indicativo de función/relación Traductor
700 ## - ENTRADA AGREGADA--NOMBRE PERSONAL
Nombre de persona Minelli, Maria Pia
9 (RLIN) 237409
Término indicativo de función/relación Autor de introducción
830 ## - PUNTO DE ACCESO ADICIONAL DE SERIE-TÍTULO UNIFORME
Título uniforme Dimensión Clásica.
Nombre de parte o sección de la obra Teoría social
9 (RLIN) 239443
852 ## - LOCALIZACIÓN
Ubicación ES-MaACL
Ubicación en estantería Depósito J
Número de control de estantería N-8740
Donativo/Legado Donación: Editorial
Encuadernación Encuadernación rústica
itemnumber 204521
942 ## - ELEMENTOS DE ENTRADA SECUNDARIOS (KOHA)
Fuente del sistema de clasificación o colocación Clasificación decimal universal
Tipo de ítem Koha Libro impreso
Suprimir en OPAC No
954 ## - CATALOGADORES
Estado de la copia Tatiana Alejandra de Castro Pérez
Holdings
Estatus retirado Estado de pérdida Fuente del sistema de clasificación o colocación Estado de daño No para préstamo Biblioteca de origen Biblioteca actual Ubicación en estantería Fecha de adquisición Fuente de adquisición Total de préstamos Signatura topográfica completa Código de barras Visto por última vez Precio de reemplazo Tipo de ítem Koha
    Clasificación decimal universal     Biblioteca del Ateneo de Madrid Biblioteca del Ateneo de Madrid Depósito J 10/01/2025 Donación   N-8740 101229335 10/01/2025 10/01/2025 Libro impreso